[Event "Reykjavik Icelandic op"]
[Site "Reykjavik"]
[Date "2018.06.01"]
[Round "1"]
[White "Holm, Fridgeir K"]
[Black "Sarkar, Justin"]
[Result "0-1"]
[WhiteElo "1756"]
[BlackElo "2297"]
[PlyCount "52"]
[EventDate "2018.06.01"]
[EventType "swiss"]
[EventRounds "10"]
[EventCountry "ISL"]
[SourceTitle "CBM 184 Extra"]
[Source "ChessBase"]
[SourceDate "2018.06.28"]
[SourceVersion "1"]
[SourceVersionDate "2018.06.28"]
[SourceQuality "1"]

1. e4 e5 2. Nf3 Nc6 3. Bb5 a6 4. Ba4 b5 5. Bb3 Na5 6. c3 Nxb3 7. axb3 Bb7 8. d3 d6 9. 0-0 Be7 10. d4 exd4 11. Qxd4 Nf6 12. Nfd2 0-0 13. f3 d5 14. exd5 Qxd5 15. Qxd5 Nxd5 16. Ne4 f5 17. Nf2 Bc5 18. c4 Nb4 19. Kh1 Rfe8 20. Bd2 Nc2 21. Ra2 Rad8 22. Nh3 Re2 23. Bg5 Rde8 24. Bh4 Ne3 25. Bf2 Nxf1 26. Bxc5 Re1 0-1

[Event "Reykjavik op"]
[Site "Reykjavik"]
[Date "2017.04.19"]
[Round "1"]
[White "Holm, Fridgeir K"]
[Black "Rajdeep, Sarkar"]
[Result "0-1"]
[WhiteElo "1726"]
[BlackElo "2273"]
[PlyCount "108"]
[EventDate "2017.04.19"]
[EventType "swiss"]
[EventRounds "10"]
[EventCountry "ISL"]
[SourceTitle "CBM 178 Extra"]
[Source "ChessBase"]
[SourceDate "2017.06.22"]
[SourceVersion "1"]
[SourceVersionDate "2017.06.22"]
[SourceQuality "1"]

1. e4 e5 2. Nf3 Nc6 3. Bc4 g6 4. 0-0 Bg7 5. c3 d6 6. d4 Qe7 7. d5 Nd8 8. Bb5+ Bd7 9. Qa4 Nf6 10. Bg5 c6 11. dxc6 bxc6 12. Be2 Ne6 13. Bxf6 Bxf6 14. g3 0-0 15. b4 a5 16. Qc2 Bg7 17. Nbd2 f5 18. Bc4 fxe4 19. Bxe6+ Bxe6 20. Qxe4 axb4 21. cxb4 d5 22. Qe3 Qf6 23. Qg5 e4 24. Qxf6 Bxf6 25. Nh4 Bxa1 26. Rxa1 Rfb8 27. a3 Rxb4 28. Ng2 Rb2 29. Nf4 Bf7 30. Nf1 Rb3 31. a4 Rb4 32. a5 Ra6 33. Ne3 Rb5 34. Kg2 Raxa5 35. Rc1 Ra6 36. Ng4 Kg7 37. Ne5 g5 38. Nh3 h6 39. Nxc6 Rb2 40. Nd4 Rf6 41. g4 Be6 42. Kg3 Rd2 43. Rc7+ Kg8 44. Nc6 Rd3+ 45. Kg2 Bxg4 46. Ng1 Rd2 47. Nh3 Bxh3+ 48. Kxh3 Rf7 49. Rc8+ Kg7 50. Ne5 Rdxf2 51. Nxf7 Kxf7 52. Rd8 Ke6 53. Re8+ Kd6 54. Kg3 Rf6 0-1

[Event "Reykjavik op"]
[Site "Reykjavik"]
[Date "2015.03.12"]
[Round "4"]
[White "Vigdal, Per Kristian"]
[Black "Holm, Fridgeir K"]
[Result "1-0"]
[WhiteElo "1985"]
[BlackElo "1700"]
[PlyCount "63"]
[EventDate "2015.03.10"]
[EventType "swiss"]
[EventRounds "10"]
[EventCountry "ISL"]
[SourceTitle "CBM 165 Extra"]
[Source "ChessBase"]
[SourceDate "2015.04.21"]
[SourceVersion "1"]
[SourceVersionDate "2015.04.21"]
[SourceQuality "1"]

1. e4 e5 2. Nf3 Nc6 3. d4 exd4 4. Nxd4 Bc5 5. c3 Qf6 6. Be3 Qg6 7. Nd2 Nf6 8. Qf3 Ne5 9. Qg3 d6 10. Qxg6 hxg6 11. f3 Bd7 12. 0-0-0 a5 13. h3 a4 14. Be2 Nh5 15. Rhe1 Ng3 16. f4 Nxe2+ 17. Rxe2 Nc6 18. N2f3 Nxd4 19. cxd4 Ba7 20. d5 Bb5 21. Ree1 Bxe3+ 22. Rxe3 f6 23. Nd4 Bd7 24. e5 dxe5 25. fxe5 fxe5 26. Rxe5+ Kf7 27. Rf1+ Kg8 28. Re7 c5 29. Rff7 Bc8 30. Rxg7+ Kf8 31. Nb5 Rh5 32. Ref7+ 1-0

[Event "Reykjavik op"]
[Site "Reykjavik"]
[Date "2015.03.11"]
[Round "3"]
[White "Holm, Fridgeir K"]
[Black "Prieto, Alberto"]
[Result "0-1"]
[WhiteElo "1700"]
[BlackElo "2045"]
[PlyCount "132"]
[EventDate "2015.03.10"]
[EventType "swiss"]
[EventRounds "10"]
[EventCountry "ISL"]
[SourceTitle "CBM 165 Extra"]
[Source "ChessBase"]
[SourceDate "2015.04.21"]
[SourceVersion "1"]
[SourceVersionDate "2015.04.21"]
[SourceQuality "1"]

1. e4 e5 2. Nf3 Nc6 3. Bc4 Nf6 4. d3 Bc5 5. Bg5 d6 6. Nc3 Bg4 7. Bb5 a6 8. Bxc6+ bxc6 9. Qd2 h6 10. Be3 Nd7 11. h3 Bxf3 12. gxf3 Qf6 13. Ke2 Bb4 14. a3 Ba5 15. b4 Bb6 16. Na4 Bxe3 17. fxe3 Qe7 18. c4 0-0 19. Rag1 f5 20. exf5 Rxf5 21. Rg3 Raf8 22. Rhg1 R8f7 23. Qa2 Nf6 24. b5 Nh5 25. R3g2 Rxf3 26. bxa6 Qh4 27. a7 Rf2+ 28. Kd1 Rf1+ 29. Rxf1 Rxf1+ 30. Kc2 Rf8 31. Qb3 Qxh3 32. Rd2 Qc8 33. c5+ d5 34. Nb6 cxb6 35. cxb6 Qa6 36. Qb4 Nf6 37. a4 Nd7 38. a5 c5 39. Qb3 c4 40. dxc4 Qxa5 41. cxd5 Qxb6 42. Qxb6 Nxb6 43. d6 Kf7 44. Kd3 Ke6 45. Rb2 Nd7 46. Kc4 Ra8 47. Ra2 Kxd6 48. Ra6+ Kc7 49. Rg6 Rxa7 50. Rxg7 Ra6 51. Kd5 Rd6+ 52. Ke4 Kd8 53. Kf5 Ke8 54. Ke4 Rf6 55. Kd5 Rf7 56. Rg6 h5 57. e4 Rh7 58. Rg1 Ke7 59. Rh1 h4 60. Rh3 Rh5 61. Kc4 Ke6 62. Kd3 Nf8 63. Ke3 Ng6 64. Kf3 Rg5 65. Kf2 Rg4 66. Ra3 Kf6 0-1

[Event "Reykjavik op"]
[Site "Reykjavik"]
[Date "2014.03.09"]
[Round "7"]
[White "Holm, Fridgeir K"]
[Black "Kravchuk, Mykhaylo"]
[Result "1-0"]
[WhiteElo "1729"]
[BlackElo "1470"]
[PlyCount "63"]
[EventDate "2014.03.04"]
[EventType "swiss"]
[EventRounds "10"]
[EventCountry "ISL"]
[SourceTitle "CBM 159 Extra"]
[Source "ChessBase"]
[SourceDate "2014.04.24"]
[SourceVersion "1"]
[SourceVersionDate "2014.04.24"]
[SourceQuality "1"]

1. e4 e5 2. Nf3 Nf6 3. Nc3 Nc6 4. Bc4 Bc5 5. 0-0 0-0 6. d3 h6 7. Nd5 d6 8. h3 Be6 9. Be3 Bb6 10. Qd2 Nd4 11. Nxb6 Nxf3+ 12. gxf3 Bxh3 13. Bxh6 Bxf1 14. Bxg7 Kxg7 15. Qg5+ Kh7 16. Kxf1 Rg8 17. Qh4+ Kg7 18. Nxa8 c6 19. Ke2 Kf8 20. Nc7 Ke7 21. Nd5+ cxd5 22. Bxd5 Rg6 23. a4 Qb6 24. Ra2 Qb4 25. c3 Qb6 26. b4 Qc7 27. Rc2 b6 28. Bb3 Qc6 29. d4 exd4 30. cxd4 Qd7 31. e5 dxe5 32. dxe5 1-0

[Event "Reykjavik op"]
[Site "Reykjavik"]
[Date "2014.03.08"]
[Round "6"]
[White "Thorsteinsdottir, Gudlaug"]
[Black "Holm, Fridgeir K"]
[Result "1-0"]
[WhiteElo "2056"]
[BlackElo "1729"]
[PlyCount "61"]
[EventDate "2014.03.04"]
[EventType "swiss"]
[EventRounds "10"]
[EventCountry "ISL"]
[SourceTitle "CBM 159 Extra"]
[Source "ChessBase"]
[SourceDate "2014.04.24"]
[SourceVersion "1"]
[SourceVersionDate "2014.04.24"]
[SourceQuality "1"]

1. d4 Nf6 2. c4 e6 3. Nf3 b6 4. Bg5 Bb7 5. Nbd2 d5 6. e3 Be7 7. Rc1 Nbd7 8. Bd3 c5 9. 0-0 Ne4 10. Bxe7 Qxe7 11. cxd5 exd5 12. dxc5 Ndxc5 13. Bb5+ Kf8 14. b4 Nxd2 15. Qxd2 Ne4 16. Qd4 f6 17. Bc6 Bxc6 18. Rxc6 Rd8 19. Rfc1 Kf7 20. a3 Rhe8 21. Qd3 Kg8 22. Nd4 Nd6 23. Rc7 Rc8 24. Rxc8 Rxc8 25. Nc6 Qe6 26. b5 Rc7 27. a4 Nc4 28. Rxc4 dxc4 29. Qd8+ Kf7 30. Qxc7+ Kg6 31. Qg3+ 1-0

[Event "ISL-ch op"]
[Site "Reykjavik"]
[Date "2013.06.06"]
[Round "8"]
[White "Holm, Fridgeir K"]
[Black "Steinthorsson, Felix"]
[Result "1/2-1/2"]
[WhiteElo "1689"]
[BlackElo "1443"]
[PlyCount "112"]
[EventDate "2013.05.31"]
[EventType "swiss"]
[EventRounds "10"]
[EventCountry "ISL"]
[SourceTitle "CBM 154 Extra"]
[Source "ChessBase"]
[SourceDate "2013.06.25"]
[SourceVersion "2"]
[SourceVersionDate "2013.06.25"]
[SourceQuality "1"]

1. Nf3 d5 2. d4 Nf6 3. c4 c6 4. Nc3 dxc4 5. a4 Bf5 6. Bg5 Nbd7 7. e3 Qb6 8. Qd2 e6 9. Bxc4 Be4 10. a5 Qc7 11. Be2 Bb4 12. 0-0 0-0 13. Ra4 Bxa5 14. Ne5 Bxc3 15. bxc3 Bg6 16. Bf4 Nxe5 17. Bxe5 Qe7 18. f3 Nd7 19. Bg3 a5 20. c4 b6 21. c5 bxc5 22. dxc5 Nxc5 23. Rc4 Nb7 24. Rxc6 Rfd8 25. Qb2 Qb4 26. Qxb4 axb4 27. Rb6 Rd2 28. Bc4 Na5 29. Ra1 Rdd8 30. Rxb4 Nxc4 31. Rxa8 Rxa8 32. Rxc4 h6 33. Be5 Rd8 34. e4 f6 35. Bc3 Rd1+ 36. Kf2 Rc1 37. Rc8+ Kh7 38. h4 Rc2+ 39. Kg3 Rc1 40. Rc7 Kg8 41. Kg4 h5+ 42. Kg3 e5 43. Bxe5 Rxc7 44. Bxc7 Kf7 45. Kf4 Ke6 46. Ke3 Be8 47. Bf4 Bb5 48. Kf2 Bc6 49. Bc1 Bb5 50. f4 Bc6 51. Ke3 g6 52. g3 f5 53. e5 Bb5 54. Kd4 Ba4 55. Kc5 Be8 56. Bb2 Ba4 1/2-1/2

[Event "ISL-ch op"]
[Site "Reykjavik"]
[Date "2013.06.01"]
[Round "3"]
[White "Karlsson, Mikael Johann"]
[Black "Holm, Fridgeir K"]
[Result "1-0"]
[WhiteElo "2022"]
[BlackElo "1689"]
[PlyCount "95"]
[EventDate "2013.05.31"]
[EventType "swiss"]
[EventRounds "10"]
[EventCountry "ISL"]
[SourceTitle "CBM 154 Extra"]
[Source "ChessBase"]
[SourceDate "2013.06.25"]
[SourceVersion "2"]
[SourceVersionDate "2013.06.25"]
[SourceQuality "1"]

1. c4 Nf6 2. g3 e5 3. Bg2 Nc6 4. Nf3 d5 5. cxd5 Nxd5 6. 0-0 Bc5 7. d3 0-0 8. b3 f6 9. Bb2 Bg4 10. Nbd2 Qd7 11. Re1 Bb4 12. a3 Bxd2 13. Nxd2 Bh3 14. Bh1 Nd4 15. e3 Nc6 16. Ne4 b6 17. Qc2 Nce7 18. Nc3 Rad8 19. Nxd5 Nxd5 20. b4 Ne7 21. Red1 Ng6 22. Rac1 Rf7 23. d4 Bg4 24. f3 Be6 25. dxe5 Qe7 26. exf6 gxf6 27. Rxd8+ Qxd8 28. Rd1 Qe7 29. e4 Bh3 30. Bg2 Be6 31. f4 Bg4 32. Rd2 Kg7 33. Qd3 c5 34. Qd6 Qxd6 35. Rxd6 cxb4 36. axb4 Rd7 37. Bxf6+ Kf7 38. Rxd7+ Bxd7 39. Bc3 Ne7 40. Kf2 Bc6 41. e5 Bxg2 42. Kxg2 h5 43. h3 Nf5 44. Kf3 Ne7 45. Ke4 Ke6 46. g4 hxg4 47. hxg4 Nc6 48. f5+ 1-0

[Event "ISL-ch op"]
[Site "Reykjavik"]
[Date "2013.05.31"]
[Round "1"]
[White "Kjartansson, Gudmundur"]
[Black "Holm, Fridgeir K"]
[Result "1-0"]
[WhiteElo "2446"]
[BlackElo "1689"]
[PlyCount "49"]
[EventDate "2013.05.31"]
[EventType "swiss"]
[EventRounds "10"]
[EventCountry "ISL"]
[SourceTitle "CBM 154 Extra"]
[Source "ChessBase"]
[SourceDate "2013.06.25"]
[SourceVersion "2"]
[SourceVersionDate "2013.06.25"]
[SourceQuality "1"]

1. Nf3 Nf6 2. c4 c5 3. g3 g6 4. Bg2 Bg7 5. Nc3 Nc6 6. d4 cxd4 7. Nxd4 0-0 8. 0-0 Nxd4 9. Qxd4 d6 10. Qh4 Qc7 11. Bg5 Be6 12. b3 Ng4 13. Nb5 Qd7 14. Rac1 h6 15. Bxe7 g5 16. Bxg5 hxg5 17. Qxg5 a6 18. Nd4 Ne5 19. f4 Ng6 20. Nxe6 Qxe6 21. f5 Bd4+ 22. Kh1 Be3 23. Qg4 Qd7 24. Bd5 Kh7 25. fxg6+ 1-0

[Event "Reykjavik op"]
[Site "Reykjavik"]
[Date "2013.02.23"]
[Round "6"]
[White "Vigfusson, Vigfus Odon"]
[Black "Holm, Fridgeir K"]
[Result "1-0"]
[WhiteElo "1985"]
[BlackElo "1733"]
[PlyCount "81"]
[EventDate "2013.02.19"]
[EventType "swiss"]
[EventRounds "10"]
[EventCountry "ISL"]
[SourceTitle "CBM 153 Extra"]
[Source "ChessBase"]
[SourceDate "2013.04.22"]
[SourceVersion "1"]
[SourceVersionDate "2013.04.22"]
[SourceQuality "1"]

1. e4 e5 2. Nf3 Nc6 3. d4 exd4 4. Nxd4 Bc5 5. Be3 Qf6 6. c3 Qg6 7. Nd2 d6 8. Qa4 Bd7 9. Bb5 Nge7 10. 0-0-0 0-0 11. h4 a6 12. Bd3 Ne5 13. Qc2 Nxd3+ 14. Qxd3 Bxd4 15. cxd4 f5 16. h5 Qf7 17. d5 f4 18. Bd4 c6 19. h6 g6 20. dxc6 Nxc6 21. Bc3 Be6 22. b3 b5 23. Nf3 Ne5 24. Qd4 Rac8 25. Kb2 b4 26. Bxb4 Rb8 27. Ng5 Qf6 28. Nxe6 Rxb4 29. Qc3 Rfb8 30. Nd4 a5 31. Ka1 Nc6 32. Ne2 Ne5 33. Rd4 R4b5 34. Rhd1 R5b6 35. Rc4 Rxb3 36. axb3 Rxb3 37. Qxb3 Nxc4+ 38. Rd4 d5 39. exd5 Nd2 40. Qc2 f3 41. Qc8+ 1-0

[Event "Reykjavik-ch"]
[Site "Reykjavik"]
[Date "2012.01.27"]
[Round "9"]
[White "Jonsson, Olafur Gisli"]
[Black "Holm, Fridgeir K"]
[Result "1-0"]
[WhiteElo "1870"]
[BlackElo "1677"]
[PlyCount "99"]
[EventDate "2012.01.08"]
[EventType "swiss"]
[EventRounds "9"]
[EventCountry "ISL"]
[SourceTitle "EXT 2014"]
[Source "ChessBase"]
[SourceDate "2013.11.20"]
[SourceVersion "1"]
[SourceVersionDate "2013.11.20"]
[SourceQuality "1"]

1. d4 Nf6 2. Nf3 e6 3. e3 Be7 4. Bd3 b6 5. 0-0 Bb7 6. Nbd2 d5 7. Ne5 Bd6 8. f4 g6 9. Qf3 a6 10. b3 Nbd7 11. Bb2 Qe7 12. Rad1 Qf8 13. c4 Bb4 14. Nxd7 Kxd7 15. f5 Bxd2 16. fxe6+ fxe6 17. Rxd2 Ne4 18. Bxe4 dxe4 19. Qf7+ Qe7 20. d5 exd5 21. Bxh8 Rxh8 22. Qxe7+ Kxe7 23. Rdf2 dxc4 24. bxc4 Bc8 25. Rf4 Be6 26. Rxe4 Rd8 27. Rd4 Rxd4 28. exd4 Bxc4 29. Re1+ Kd6 30. a3 a5 31. Kf2 b5 32. Re8 b4 33. axb4 axb4 34. Ke3 c6 35. Rd8+ Kc7 36. Rh8 h5 37. Rh6 b3 38. Kd2 b2 39. Kc2 Bd3+ 40. Kxb2 c5 41. dxc5 Kc6 42. Kc3 Be4 43. Kd4 Bf5 44. h3 Kc7 45. Kd5 Bc2 46. Rh7+ Kc8 47. Kd6 Bf5 48. c6 Kb8 49. Rg7 h4 50. Kc5 1-0

[Event "Reykjavik-ch"]
[Site "Reykjavik"]
[Date "2012.01.25"]
[Round "8"]
[White "Holm, Fridgeir K"]
[Black "Ulfljotsson, Jon"]
[Result "1-0"]
[WhiteElo "1677"]
[BlackElo "1853"]
[PlyCount "63"]
[EventDate "2012.01.08"]
[EventType "swiss"]
[EventRounds "9"]
[EventCountry "ISL"]
[SourceTitle "EXT 2014"]
[Source "ChessBase"]
[SourceDate "2013.11.20"]
[SourceVersion "1"]
[SourceVersionDate "2013.11.20"]
[SourceQuality "1"]

1. e4 c5 2. Nf3 Nc6 3. Bb5 d6 4. d4 cxd4 5. Nxd4 Bd7 6. Bc4 Nf6 7. Nc3 g6 8. Be3 Bg7 9. f3 a6 10. g4 b5 11. Bd5 Nxd5 12. Nxd5 Ne5 13. c3 Nc4 14. Qe2 e6 15. Nb4 Qc7 16. Rd1 a5 17. Nd3 0-0 18. Bc1 Rae8 19. 0-0 f5 20. Nf2 e5 21. Nc2 Bc6 22. a4 fxe4 23. fxe4 Qd7 24. b3 Nb6 25. axb5 Bxb5 26. c4 Ba6 27. Ba3 Re6 28. Ne3 Qc6 29. Nd5 Nc8 30. Nd3 Rxf1+ 31. Rxf1 Qe8 32. Nc7 1-0

[Event "Reykjavik-ch"]
[Site "Reykjavik"]
[Date "2012.01.18"]
[Round "5"]
[White "Holm, Fridgeir K"]
[Black "Karlsson, Mikael Johann"]
[Result "1-0"]
[WhiteElo "1677"]
[BlackElo "1867"]
[PlyCount "45"]
[EventDate "2012.01.08"]
[EventType "swiss"]
[EventRounds "9"]
[EventCountry "ISL"]
[SourceTitle "EXT 2014"]
[Source "ChessBase"]
[SourceDate "2013.11.20"]
[SourceVersion "1"]
[SourceVersionDate "2013.11.20"]
[SourceQuality "1"]

1. e4 c5 2. Nf3 e6 3. d4 cxd4 4. Nxd4 Nf6 5. Bd3 Nc6 6. Nf3 Qc7 7. 0-0 Be7 8. Qe2 d6 9. Nc3 a6 10. a3 b5 11. Bf4 Nd7 12. Rad1 Nde5 13. Nxe5 dxe5 14. Bg3 0-0 15. f4 Nd4 16. Qh5 Bc5 17. Kh1 exf4 18. Bxf4 Qa7 19. e5 Nf5 20. Ne4 Be3 21. Nf6+ gxf6 22. Bxf5 exf5 23. exf6 1-0

[Event "Reykjavik-ch"]
[Site "Reykjavik"]
[Date "2012.01.11"]
[Round "2"]
[White "Holm, Fridgeir K"]
[Black "Leosson, Atli Johann"]
[Result "1-0"]
[WhiteElo "1677"]
[BlackElo "1690"]
[PlyCount "116"]
[EventDate "2012.01.08"]
[EventType "swiss"]
[EventRounds "9"]
[EventCountry "ISL"]
[SourceTitle "EXT 2014"]
[Source "ChessBase"]
[SourceDate "2013.11.20"]
[SourceVersion "1"]
[SourceVersionDate "2013.11.20"]
[SourceQuality "1"]

1. e4 e5 2. Nf3 d6 3. d4 exd4 4. Qxd4 Nc6 5. Bb5 Bd7 6. Bxc6 Bxc6 7. c4 Qf6 8. Nc3 Qxd4 9. Nxd4 Bd7 10. a4 a6 11. b4 Be7 12. Nd5 Rc8 13. b5 Nf6 14. Nxe7 Kxe7 15. Bg5 h6 16. Bxf6+ Kxf6 17. 0-0-0 Be6 18. Nxe6 Kxe6 19. Kb2 Rhe8 20. Kb3 a5 21. Rd3 f6 22. Rhd1 b6 23. Kc3 Kf7 24. Kd4 Re5 25. f3 Rce8 26. g4 h5 27. h3 h4 28. Ke3 g5 29. Rd5 Kg7 30. R1d4 Rxd5 31. Rxd5 Re7 32. f4 Kg6 33. fxg5 fxg5 34. Kd4 Rf7 35. Rf5 Rd7 36. Kd5 Re7 37. e5 dxe5 38. Rxe5 Rd7+ 39. Kc6 Rd3 40. Kxc7 Rxh3 41. Kxb6 Rg3 42. c5 h3 43. Re1 Rxg4 44. c6 Rc4 45. c7 g4 46. Re6+ Kg5 47. Re5+ Kg6 48. Rc5 Rxc5 49. Kxc5 h2 50. c8Q h1Q 51. Qxg4+ Kf6 52. Qd4+ Kg6 53. Qd6+ Kg7 54. Qc7+ Kf8 55. Qxa5 Qc1+ 56. Kb6 Qc8 57. Qb4+ Kg8 58. Qd6 Qc3 1-0